US States by last 2 letters! - Statistics

General Stats
  • This quiz has been taken 243 times
  • The average score is 45 of 50
Answers on the Map
Answers color-coded by a green-red scale on the quiz's map according to % correct below.
 
Answer Stats
State % Correct
Arkansas
98%
Kansas
98%
Texas
98%
California
97%
Florida
97%
Georgia
97%
Nevada
97%
Pennsylvania
97%
Virginia
97%
West Virginia
97%
Alaska
96%
Arizona
96%
Indiana
96%
Louisiana
96%
Montana
96%
Nebraska
96%
North Carolina
96%
Oregon
96%
South Carolina
96%
Washington
96%
Alabama
95%
Oklahoma
95%
New York
94%
Minnesota
90%
North Dakota
90%
South Dakota
90%
Hawaii
89%
Colorado
87%
Delaware
87%
New Hampshire
87%
New Mexico
87%
Ohio
87%
Illinois
86%
Kentucky
86%
Maine
86%
Maryland
86%
Michigan
86%
Rhode Island
86%
Wyoming
86%
Idaho
85%
Mississippi
85%
Tennessee
83%
Utah
83%
Iowa
82%
New Jersey
82%
Wisconsin
82%
Massachusetts
81%
Missouri
79%
Vermont
79%
Connecticut
78%
No matching quizzes found
Score Distribution
Percent of People with Each Score
Percentile by Number Answered
Your Score History
You have not taken this quiz